Music Quiz

Random Music or Song Quiz

NOFX songs Quiz Stats

 Plays Quiz not verified by Sporcle

Challenge
Share
Tweet
Embed
Score 0/170 Timer 20:00
0 Plays Today
% Correct
Linoleum
86.3%
Bob
78.3%
Liza
74.5%
Liza and Louise
71.6%
Stickin' in My Eye
70.7%
Franco Un-American
68.3%
Louise
68.1%
Dinosaurs Will Die
66.5%
The Brews
66.3%
Leave It Alone
65%
Don't Call Me White
64.5%
S&M Airlines
62.7%
Soul Doubt
62.7%
Punk Guy ('Cause He Does Punk Things)
62.1%
It's My Job to Keep Punk Rock Elite
61.9%
Reeko
61%
Murder the Government
61%
The Separation of Church and Skate
59%
Scavenger Type
58.5%
72 Hookers
58.3%
The Moron Brothers
57.6%
The Quass
57.6%
Happy Guy
57.6%
Green Corn
57.2%
Theme From a NOFX Album
57%
60%
57%
60% (Reprise)
57%
Dig
56.5%
My Vagina
56.3%
Perfect Government
56.1%
Lori Meyers
55%
What's the Matter With Parents Today?
55%
Please Play This Song on the Radio
54.8%
Bottles to the Ground
54.3%
Herojuana
53.7%
Hobophobic (Scared of Bums)
52.8%
Seeing Double at the Triple Rock
52.1%
The Cause
51.9%
Clams Have Feelings Too (Actually They Don't)
51.7%
She's Nubs
51.2%
Eat the Meek
51%
Kids of the K-Hole
50.6%
And Now For Something Completely Similar
50.6%
Falling in Love
50.1%
Jeff Wears Birkenstocks?
49.9%
I'm Telling Tim
49.9%
Idiots Are Taking Over
48.8%
I, Fatty
48.7%
Johnny Appleseed
48.6%
What's the Matter with Kids Today?
48.3%
Hot Dog in a Hallway
48.1%
Monosyllabic Girl
47.7%
Anarchy Camp
47.7%
Wolves in Wolves' Clothing
47.7%
My Heart is Yearning
47.2%
Whoops, I OD'd
47%
My Orphan Year
47%
% Correct
Xmas Has Been X'ed
46.5%
Take Two Placebos and Call Me Lame
46.1%
180 Degrees
45.9%
Fleas
45.7%
Pharmacist's Daughter
45.2%
Mattersville
45.2%
Buggley Eyes
43.9%
Shut Up Already
43.7%
Straight Edge
43.7%
Together on the Sand
43.5%
Flossing a Dead Horse
43.5%
We Called it America
43.2%
Ronnie & Mags
43%
The Bag
43%
Medio-core
42.4%
Creeping Out Sara
42.4%
Cell Out
42.2%
All Outta Angst
42.1%
I Believe in Goddess
41.7%
Philthy Phil Philanthropist
41.7%
The Man I Killed
41.2%
The Malachi Crunch
40.8%
Dying Degree
40.8%
New Boobs
40.6%
Kill Rock Stars
40.1%
Thank God It's Monday
40.1%
Freedom Like Shopping Cart
39.9%
August 8th
39.9%
Stranger Than Fishin
39.7%
Drop the World
39.5%
All His Suits are Torn
39%
Champs Elysées
39%
13 Stitches
39%
USA-Holes
38.4%
Leaving Jesusland
37.9%
Whatever Didi Wants
37.5%
Dad's Bad News
37.5%
Total Bummer
37.5%
The Irrationality of Rationality
37.5%
Vanilla Sex
37.3%
She's Gone
37.3%
The Desperation's Gone
37.3%
Go Your Own Way
36.8%
Showerdays
36.8%
Quart in Session
36.6%
The Quitter
36.4%
You're Bleeding
36.1%
She Didn't Lose Her Baby
35.2%
First Call
35%
Beer Bong
34.6%
I Wanna Be Your Baby
34.6%
Bleeding Heart Disease
34.4%
Eddie, Bruce and Paul
34.1%
We Got Two Jealous Agains
33.9%
Doornails
33.5%
I Am an Alcoholic
33.5%
Food, Sex & Ewe
33.3%
% Correct
The Black and White
33%
American Errorist (I Hate Hate Haters)
33%
El Lay
32.8%
Cheese/Where's My Slice?
32.8%
You Drink, You Drive, You Spill
32.4%
I've Got One Jealous Again, Again
32.2%
Warm
31.9%
One Million Coasters
30.8%
Day to Daze
30.4%
This Machine is 4
30%
Benny Got Blowed Up
29.9%
Life O'Riley
29.5%
A200 Club
29.3%
Freedumb
29%
The Marxist Brothers
29%
My Sycophant Others
28.7%
Secret Society
28.3%
Re-gaining Unconsciousness
27.9%
Decom-poseur
27.5%
I Don't Want You Around
26.8%
Release the Hostages
26.4%
Gonoherpasyphilaids
25.9%
Cool and Unusual Punishment
25.7%
Instant Crassic
25.5%
One Celled Creature
24.6%
Vegetarian Mumbo Jumbo
24.4%
Love Story
24.4%
Getting High on the Down Low
24.4%
You Will Lose Faith
24.4%
Nowhere
23.3%
We March to the Beat of Indifferent Drum
22.8%
Jaundiced Eye
22.6%
Blasphemy (The Victimless Crime)
22.6%
Best God in Show
22.6%
Just the Flu
21.7%
Mr. Jones
21.3%
Five Feet Under
21.1%
100 Times Fuckeder
21.1%
Truck Stop Blues
20.6%
Cantado en Español
20.6%
Professional Crastination
20.4%
Mean People Suck
20.4%
Down with the Ship
20%
Drug Free America
19.7%
You Put Your Chocolate In My Peanut Butter
19.1%
Suits and Ladders
19.1%
Here Comes the Neighborhood
18.4%
The Agony of Victory
18.2%
I Live In A Cake
17.5%
On The Rag
17.5%
Scream for Change
16.4%
Brain Constipation
14%
Sloppy English
13.3%
Piece
11.1%
Untitled Track
10.9%
No Problems
8.9%

You're not logged in!

Compare scores with friends on all Sporcle quizzes.
Join for Free
OR
Log In

You Might Also Like...

Show Comments

Extras

Created Jan 27, 2010ReportNominate
Tags:Song Quiz, nofx

Top Quizzes Today


Score Distribution

Your Account Isn't Verified!

In order to create a playlist on Sporcle, you need to verify the email address you used during registration. Go to your Sporcle Settings to finish the process.

Report this User

Report this user for behavior that violates our Community Guidelines.

Details: